K jubileu prof. MUDr. Karla Maška, DrSc

Bibliographic Details
Format: Article
Language:Czech
PhysicalDescription:Fot. 1.
Subjects:

MARC

LEADER 00000nab a2200000 a 4500
001 vtls000358243
003 SK-MaSNL
005 20260302223639.0
008 141112c1989 xo 0 cze
015 |a SNBRB19rr/mm-uuuuu 
035 |a CL0358365 
040 |a SNKBUCL  |b slo  |c SNKBUCL  |e AACR2 
041 0 |a cze 
044 |a xo  |c SK 
080 |a 612.015-051  |2 1981 
080 |a 577.1-051  |2 1981 
080 |a 378.124  |2 1981 
080 |a 929 Mašek, Karel  |2 1981 
245 0 0 |a K jubileu prof. MUDr. Karla Maška, DrSc 
300 |b Fot. 1. 
600 1 7 |a Mašek, Karel,  |d 1919-  |2 snkbucl  |9 953621 
655 7 |a články z novín a časopisov  |2 snkbucl  |9 267496 
773 0 |t Biochemia clinica bohemoslovaca  |g Roč. 18, č. 1 (1989), s. 55-56 
850 |a Slovenská národná knižnica v Martine  |a MTA001 
852 |a SNK  |b KIS3GCP 
958 |a RK 
958 |a CZ 
992 |a RBX 
999 |c 1521246  |d 1523176